| 000 | 01387nam a2200193Ia 4500 | ||
|---|---|---|---|
| 999 |
_c6842 _d6842 |
||
| 020 | _a9780495095552 | ||
| 020 | _a0495095559 | ||
| 050 | 0 | 0 |
_aBF176 _b.K14 |
| 100 | 1 | _aKaplan, Robert M. | |
| 245 | 1 | 0 |
_aPsychological testing : _bprinciples, applications, and issues / _cRobert M. Kaplan, Dennis P. Saccuzzo. |
| 250 | _aSeventh edition. | ||
| 260 |
_aBelmont _bCengage Learning _c2009 |
||
| 300 |
_axxvi, 715 pages : _billustrations ; _c24 cm. |
||
| 500 | _aIncludes bibl. ref and index | ||
| 505 | 0 | _aNorms and basic statistics for testing -- Correlation and regression -- Reliability -- Validity -- Writing and evaluating test items -- Test administration -- Interviewing techniques -- Theories of intelligence and the Binet scales -- The Wechsler Intelligence Scales : WAIS-III, WISC-IV, and WPPSI-III -- Other individual tests of ability in education and special education -- Standardized tests in education, civil service, and the military -- Applications in clinical and counseling settings -- Projective personality tests -- Computers and basic psychological science in testing -- Testing in counseling psychology -- Testing in health psychology and health care -- Testing in industrial and business settings -- Test bias -- Testing and the law -- Ethics and the future of psychological testing. | |
| 650 | 0 | _aPsychological tests. | |
| 700 | 1 | _aSaccuzzo, Dennis P., | |
| 942 | _cBK | ||